000 00588nam a2200241Ia 4500
999 _c64780
_d64780
003 0100
005 20170719120548.0
008 130303s9999 xx 000 0 und d
020 _a0743231791
040 _cARRUPELIB
050 _aB804.M355 2002
100 _aMcGinn, Colin
_921468
245 4 _aThe making of a philosopher
245 _bmy journey through twentieth century philosophy
260 _bScribner
_aUnited States
_c2002
300 _a241p.
300 _b 21cm.
650 _aPhilosophers, modern
_x20th century
_933410
942 _2lcc
_cMONOGRAPH